03005nam a2200529Ia 45000010005000000080041000050100009000460410014000550820019000692450192000882600018002803000007002985200007003056300023003126300018003356300022003536500024003756900016003997000033004157000035004489010044004839020006005279030041005339040018005749050036005929060006006289070014006349080014006489090053006629100015007159110010007309120014007409130009007549140026007639150019007899160009008089170009008179180014008269190023008405201553008639210007024169220007024239230006024309240014024369420010024509990015024604732241029s9999 xx 000 0 und d a4472 aEspañol aIntec CYH 0087 0aDiagnóstico sobre el papel de la gestión escolar en la mejora de la condición socio-ambiental de trabajo docente, en el Liceo San José de Los Frailes II, Santo Domingo Este, 2011. aSanto Domingo a71 a50 aCentros Educativos aDiagnóstico aGestión Escolar aGestión Educativa aSintetizado easesoraFlorentino , Basilio eautoraHernández , Wilfredo  a{"1":"Hernández "}b{"1":"Wilfredo "} a1 a{"1":"Florentino "}b{"1":"Basilio"} aMaestría en aGestión de Centros Educativos a2 aNO APLICA aNO APLICA aInstituto Tecnológico de Santo Domingo (INTEC) aNULLbNULL a["1"] aNO APLICA aNULL a01 de Octubre de 2011 a30/11/19 10:11 aNULL aNULL aNO APLICA a["33","217","201"] aEn toda sociedad y contexto educativo, la gestión en estos momentos tiene como una de sus funciones principales, velar porque la condición socio ambiental en que los docentes trabajan, sea la más adecuada. Se trata de mantenerla en condición, de acuerdo a los estándares exigidos. Durante mucho tiempo la condición socio-ambiental de trabajo docente, no han sido tomada en cuenta, en la importancia que en realidad tiene para asegurar la calidad educativa. Este contexto justifica la presente investigación, que tuvo como objetivo principal, la descripción de las características demográficas, económicas y socioculturales de los docentes y directores de la población objeto estudio. Se llevó a cabo una observación directa de la condición socio-ambiental, en la que trabajan los docentes del Liceo San José. Se indagó sobre la percepción que tienen directivos y docentes de la condición socio ambiental de trabajo docente de dicho Centro.La metodología seguida en esta investigación, fue de enfoque cuantitativo. Es un tipo de investigación descriptiva y las técnicas usadas fueron la observación y la encuesta. Los resultados se presentaron de una estadística descriptiva que contiene medias, tablas y gráficos, entre otros.  Los resultados indicaron según la medida global de las respuestas de los encuestados, que una mayoría considerable de la población objeto de estudio, está en desacuerdo con la condición socio-ambiental en que laboran los docentes en el Liceo San José.   a12 a12 a0 aNO APLICA cTesis c4472d4472